• 首页
  • 本馆介绍
  • 公告通知
  • 最新文献
  • 馆藏检索
  • 电子资源
  • 读者导购
  • 参考咨询
  • 我的图书馆
  • 登录
  • 详细信息显示
  • 放入我的书架
  • 预约/预借图书
  • 作者相关作品
  • 分类相关作品
  • 丛书相关作品
  • 出版社相关作品

书目信息

  • 表格格式
  • 工作单格式
  • 卡片格式
题名:
文史通义
    
 
作者: 章学诚 撰 ;罗炳良 译注
分册: 下  
出版信息: 北京   中华书局  2012
页数: 896-1503页
开本: 21cm
丛书名: 中华经典名著全本全注全译丛书
单 册:
中图分类: K092.49
科图分类:
主题词: 文史--研究--中国--清前期 , 文史
电子资源:
ISBN: 978-7-101-08834-2
000 01013oam2 2200277 45
001 012001003778
005 20180926161843.39
010    @a978-7-101-08834-2@b精装@dCNY48.50
100    @a20130127d2012 em y0chiy50 ea
101 0  @achi
102    @aCN@b110000
105    @ay z 000yy
106    @ar
200 1  @a文史通义@h下@f罗炳良译注@g((1963.8~))罗炳良译注@9wen shi tong yi@FLuo Bing Liang Yi Zhu@PLBLYZ
210    @a北京@c中华书局@d2012
215    @a896-1503页@d21cm
225 1  @a中华经典名著全本全注全译丛书
330    @a本书是一部史学理论著作,它是清代著名学者章学诚的代表作,《文史通义》共8卷,包括内篇和外篇两部分,内篇5卷,外篇3卷,达到了传统史学理论研究的最高峰。
461  0 @12001 @a中华经典名著全本全注全译丛书
606 0  @a文史@x研究@y中国@z清前期
606 0  @a文史
690    @aK092.49@v5
701  0 @c(清)@a章学诚@9zhang xue cheng@f(1738~1801)@4撰
702  0 @a罗炳良@9luo bing liang@f(1963.8~)@4译注
801  0 @aCN@b上海新华@c20180901
905    @b1163546-50@dK092.49@e88:2@f5
    
    文史通义.下/罗炳良译注/((1963.8~))罗炳良译注.-北京:中华书局,2012
    896-1503页;21cm.-(中华经典名著全本全注全译丛书)
    
    
    ISBN 978-7-101-08834-2(精装):CNY48.50
    本书是一部史学理论著作,它是清代著名学者章学诚的代表作,《文史通义》共8卷,包括内篇和外篇两部分,内篇5卷,外篇3卷,达到了传统史学理论研究的最高峰。
●
相关链接 在E读中查询图书 在五车中查询图书 在当当中查询图书 在豆瓣中查询图书


正题名:文史通义     索取号:K092.49/88:2         预约/预借

序号 登录号 条形码 馆藏地/架位号 状态 备注
1 1163546   211635462   第二样本阅览室/ [索取号:K092.49/88:2] 在馆    
2 1163547   211635471   第二借阅区/ [索取号:K092.49/88:2] 在馆    
3 1163548   211635480   密集书库-史法系/ [索取号:K092.49/88:2] 在馆    
4 1163549   211635499   第二借阅区/ [索取号:K092.49/88:2] 在馆    
5 1163550   211635505   第二借阅区/ [索取号:K092.49/88:2] 在馆    
唐山师范学院图书馆 欢迎您!
大连网信软件有限公司© 版权所有